Separát štatistickej ročenky školstva SR 2019 špeciálne školy

Enregistré dans:
Détails bibliographiques
Format: Livre
Langue:slovaque
Publié: Bratislava Centrum vedecko-technických informácií SR 2019
Sujets:
Tags: Ajouter un tag
Pas de tags, Soyez le premier à ajouter un tag!

MARC

LEADER 00000nam a2200000 4500
001 0266961
005 20251218095235.1
041 0 |a slo 
044 |a SK 
245 1 0 |a Separát štatistickej ročenky školstva SR 2019  |b špeciálne školy 
264 1 |a Bratislava  |b Centrum vedecko-technických informácií SR  |c 2019 
300 |a 74 s. 
610 2 0 |a Slovensko 
610 2 0 |a školstvo 
610 2 0 |a zariadenia školské 
610 2 0 |a pedagogika špeciálna